ბათუმის შოთა რუსთაველის სახელმწიფო უნივერსიტეტის ბიბლიოთეკა

ეკონომიკური ეფექტიანობის მენეჯმენტის მეთოდოლოგია = The Methodology of Economic Effectiveness Management : (ბიბ.ჩანაწერი № 64129)

000 -ლიდერი
ფიქსირებული სიგრძის საკონტროლო ველი 02328nam a22002537a 4500
003 - საკონტროლო ნომრის იდენტიფიკატორი
საკონტროლო ველი Ge_BSU
005 - ბოლო ოპერაციის თარიღი და დრო
საკონტროლო ველი 20260414110214.0
008 - ფიქსირებული სიგრძის მონაცემთა ელემენტები - ზოგადი ინფორმაცია
ფიქსირებული სიგრძის საკონტროლო ველი 260414s2024 ge ||||| |||| 00| 0 geo d
020 ## - წიგნის საერთაშორისო სტანდარტული ნომერი
International Standard Book Number 9789941337864
041 ## - ენის კოდი
Language code of text/sound track or separate title geo
080 ## - უნივერსალური ათობითი კლასიფიკაციის ინდექსი
Universal Decimal Classification number 338.003.13 : 338.24 ლ-65
100 ## - მთავარი ჩანაწერი - პიროვნების სახელი
Personal name ლიპარტია, ზურაბ
9 (RLIN) 27305
245 ## - ცნობა სათაურის შესახებ
Title ეკონომიკური ეფექტიანობის მენეჯმენტის მეთოდოლოგია = The Methodology of Economic Effectiveness Management :
Remainder of title [მონოგრაფია] /
Statement of responsibility, etc ზურაბ შალვას ძე ლიპარტია; სამეცნიერო რედაქტორები: ნოდარ ჭითანავა, რამაზ აბესაძე, კარლო ღურწკაია [და სხვა]; ყდის დიზაინერი ირაკლი უშვერიძე; სოხუმის სახელმწ. უნივერსიტეტი, ბიზნესისა და სოციალურ მეცნიერებათა ფაკულტეტი.
264 ## - წარმოების, გამოცემის, დისტრიბუციის და სხვა ცნობები
გამოცემის, წარმოების, დისტრიბუციის... ადგილი თბილისი :
გამოცემის, წარმოების, დისტრიბუციის... სახელწოდება უნივერსალი,
გამოცემის, წარმოების, დისტრიბუციის... თარიღი 2024.
300 ## - ფიზიკური აღწერა
Extent 412 გვ. :
Other physical details ნახ. ;
Dimensions 29 სმ.
500 ## - ზოგადი შენიშვნა
General note გარეკანი, თავფურცელი და ტექსტი ქართულ და ინგლისურ ენებზე.
504 ## - BIBLIOGRAPHY, ETC. NOTE
Bibliography, etc ბიბლიოგრაფია: გვ. 235-244 და 409-411.
653 ## - INDEX TERM--UNCONTROLLED
Uncontrolled term ეკონომიკური ეფექტიანობა. ეკონიმიკის მართვა.
700 ## - ADDED ENTRY--PERSONAL NAME
Personal name ჭითანავა, ნოდარ
Relator term სამეცნიერო რედაქტორი
9 (RLIN) 802
700 ## - ADDED ENTRY--PERSONAL NAME
Personal name აბესაძე, რამაზ
Relator term სამეცნიერო რედაქტორი
9 (RLIN) 905
700 ## - ADDED ENTRY--PERSONAL NAME
Personal name ღურწკაია, კარლო და სხვ.
Relator term სამეცნიერო რედაქტორი
9 (RLIN) 27307
710 ## - ADDED ENTRY--CORPORATE NAME
Corporate name or jurisdiction name as entry element სოხუმის სახელმწ. უნივერსიტეტი.
Subordinate unit ბიზნესისა და სოციალურ მეცნიერებათა ფაკულტეტი.
9 (RLIN) 27308
942 ## - ADDED ENTRY ELEMENTS (KOHA)
Source of classification or shelving scheme
Koha item type წიგნი
ეგზემპლარები
ჩამოწერის სტატუსი დაკარგული ეგზემპლარის სტატუსი კლასიფიკაციის წყარო ან თაროზე გაწყობის სქემა დაზიანების სტატუსი არ გაიცემა მუდმივი მდებარეობა (დაცვის ადგილი) ამჟამინდელი ადგილსამყოფელი თაროზე განთავსების ადგილი შეძენის თარიღი ღირებულება, შესყიდვის ნორმალური ფასი სრული შენახვის შიფრი შტრიხკოდი ბოლო ოპერაციის თარიღი ეგზემპლარის მიმდევრობითი ნომერი (კეტერი?) Uniform Resource Identifier ფასის ძალაში შესვლის თარიღი ეგზემპლარის სახეობა საჯარო შენიშვნა
          ბათუმის შოთა რუსთაველის სახელმწიფო უნივერსიტეტის მთავარი ბიბლიოთეკა ბათუმის შოთა რუსთაველის სახელმწიფო უნივერსიტეტის მთავარი ბიბლიოთეკა წიგნსაცავი 2026-04-14 21.00 338.003.13 : 338.24 ლ-65 74272 2026-04-14 74272 ნაჩუქარი 2026-04-14 წიგნი 21 ლ.